00696nam a2200229Ia 4500003000400000005001700004008004100021020001500062040000700077041000800084082001600092100003200108245002300140260004000163300001400203365001300217650002900230906003500259942001200294999001900306952014100325OSt20230424100156.0210423s2002 xx 000 0 und d a8176492159 cAL aeng a574.88 TURP aTURNER (P C);others.991840 aMolecular biology. aNew DelhibViva Books Pvt Ltdc2002 ax,346bPB b195cINR aMolecular Biology991841 abiology ; biology. ; molecular 2ddccBK c162517d162517 001040708BTaSACPGbSACPGd2003-04-22eIntel Book Distributersg195.00l0o574.88 TURPpPG009010r2022-08-24 00:00:00w2021-04-26yBK